书目信息 |
| 题名: |
基础实验心理学
|
|
| 作者: | 郭秀艳 , 杨治良 著 | |
| 分册: | ||
| 出版信息: | 北京 高等教育出版社 2011.6 |
|
| 页数: | 505页 | |
| 开本: | 23cm | |
| 丛书名: | ||
| 单 册: | ||
| 中图分类: | B84 | |
| 科图分类: | ||
| 主题词: | 实验心理学--高等学校--教材 , 实验心理学 | |
| 电子资源: | ||
| ISBN: | 978-7-04-031485-4 | |
| 000 | 01010nam0 2200277 45 | |
| 001 | 1360588062 | |
| 005 | 20130531100452.62 | |
| 010 | @a978-7-04-031485-4@dCNY46.50 | |
| 100 | @a20130513d2011 em y0chiy50 ea | |
| 101 | 0 | @achi |
| 102 | @aCN@b110000 | |
| 105 | @ay z 000yy | |
| 106 | @ar | |
| 200 | 1 | @a基础实验心理学@AJi Chu Shi Yan Xin Li Xue@f郭秀艳,杨治良著@FGuo Xiu Yan, Yang Zhi Liang Zhu |
| 205 | @a2版 | |
| 210 | @a北京@c高等教育出版社@d2011.6 | |
| 215 | @a505页@d23cm | |
| 300 | @a高等学校心理学专业课程教材 普通高等教育“十一五”国家级规划教材 | |
| 330 | @a本书介绍了心理学研究的基本问题、心理学研究的基本方法、心理物理学、反应时与注意、感知觉、记忆、思维、情绪、个体差异、社会心理学、环境心理学、工程心理学等内容。 | |
| 606 | 0 | @a实验心理学@x高等学校@j教材 |
| 606 | 0 | @a实验心理学 |
| 690 | @aB84@v5 | |
| 701 | 0 | @a郭秀艳@AGuo Xiu Yan@c(女,@f1970~)@4著 |
| 701 | 0 | @a杨治良@AYang Zhi Liang@c(1938~)@4著 |
| 801 | @aCN@bTANGWEI@c20130523 | |
| 905 | @b0835861-64@dB84@e1173=2@f4 | |
| 基础实验心理学/郭秀艳,杨治良著.-2版.-北京:高等教育出版社,2011.6 |
| 505页;23cm |
| 高等学校心理学专业课程教材 普通高等教育“十一五”国家级规划教材 |
| ISBN 978-7-04-031485-4:CNY46.50 |
| 本书介绍了心理学研究的基本问题、心理学研究的基本方法、心理物理学、反应时与注意、感知觉、记忆、思维、情绪、个体差异、社会心理学、环境心理学、工程心理学等内容。 |
| ● |
| 相关链接 |
|
|
|
|
正题名:基础实验心理学
索取号:B84/1173=2
 
预约/预借
| 序号 | 登录号 | 条形码 | 馆藏地/架位号 | 状态 | 备注 |
| 1 | 0835861 | 208358613 | 第一样本阅览室/ [索取号:B84/1173=2] | 在馆 | |
| 2 | 0835862 | 208358622 | 教育系资料室/ [索取号:B84/1173=2] | 在馆 | |
| 3 | 0835863 | 208358631 | 教育系资料室/ [索取号:B84/1173=2] | 在馆 | |
| 4 | 0835864 | 208358640 | 第一借阅区/ [索取号:B84/1173=2] | 在馆 |